L'Histoire par lettre - D - Statistiques

Statistiques générales
  • Ce quiz a été pris 357 fois
  • Le résultat moyen est 4 sur 10
Statistiques - réponses
Indices Réponses % Correct
Roi des Francs connu notamment pour la chanson Le Bon Roi _________ Dagobert
97%
Ville syrienne fondée en 9000 av. J.-C. Damas
71%
Ville de France où aura lieu « l'opération Dynamo » en 1940 Dunkerque
50%
Prénom du 34ème président américain : ______ D. Eisenhower Dwight
46%
Jeu de société d'origine chinoise Dominos
33%
Nom du 13ème président français : Gaston _______ Doumergue
32%
Cité-État entre 1919 et 1939 aujourd'hui ville de Pologne Dantzig
23%
De 1206 à 1526, ce sultanat s'étendait sur le nord de l'Inde Delhi
9%
Ancien royaume du XIXème siècle situé dans le sud de l'Italie d'aujourd'hui Deux-Siciles
9%
37ème pape : ______ 1er Damase
4%
Aucun quiz correspondant
Distribution des résultats
% des personnes avec chaque résultat
Percentile par nombre de réponses
Votre historique - résultats
Vous n’avez pas pris ce quiz